| 000 | 01855nam0a22003491 4500 | ||
|---|---|---|---|
| 001 | rc\3657274 | ||
| 005 | 20260406230059.0 | ||
| 010 |
_d28 к. _91000 |
||
| 021 |
_aRU _b[72-77505] |
||
| 035 | _a(NLR Aleph) 007836126 | ||
| 090 |
_a9772943 _c9772943 |
||
| 100 | _a20130115d1972 |||y0rusy50 ca | ||
| 101 | 0 | _arus | |
| 102 | _aRU | ||
| 105 | _aac b 1|||| | ||
| 200 | 1 |
_aИгорь Всеволодович Крестовский _eкаталог выставки _f[авт. вступит. статьи В.В. Калинин] _g[Науч.-исслед. музей Акад. художеств СССР. Ленингр. организация Союза художников РСФСР] |
|
| 210 |
_aЛенинград _cХудожник РСФСР _d1972 |
||
| 215 |
_a43 с., 9 л. ил. _cпортр. _d22 |
||
| 540 | 1 | _aКрестовский Игорь Всеволодович | |
| 600 | 0 | 1 |
_aКрестовский _bИ.В. _f1893 _gИгорь Всеволодович _jКаталоги _xВыставки _yЛенинград, город _z1972 _91388117 _3RU\NLR\AUTH\66583251 |
| 606 |
_aРусская советская скульптура _xВыставки _z1972 _yЛенинград _2psbo |
||
| 686 | 0 |
_aЩ313(2Р=Рус)5-8Крестовский _2rubbk |
|
| 702 | 1 |
_aКалинин _bВ. В. _f1939- _gВячеслав Васильевич _4080 |
|
| 702 | 1 |
_4570 _7ca _8rus _aКрестовский _bИ. В. _f1893-1976 _gИгорь Всеволодович _9175635 _3RU\NLR\AUTH\770175686 |
|
| 710 | 1 | 0 |
_aКрестовский, _gИгорь Всеволодович _hВыставка произведений _f1972 _eЛенинград _3RU\NLR\AUTH\889982153 _9460277 |
| 801 | 0 |
_aRU _bNLR _gpsbo |
|
| 801 | 1 |
_aRU _bELAR _2rusmarc |
|
| 801 | 2 |
_aRU _bNLR _c20141205 _2rusmarc |
|
| 852 |
_aNLR _bЭ _jКП/К802 |
||
| 942 | _cBOOK | ||
| 980 | _aNB | ||